00000000nam##2200000za#4500
0019.579992
003CaOODSP
00520210624190826
007cr |||||||||||
008150406|2004||||xxc|||||o    f|0| 0 eng|d
022 |a1488-5387
040 |aCaOODSP|beng
043 |an-cn---
0861 |aFs97-4/2689E-PDF
1101 |aCanada. |bDepartment of Fisheries and Oceans.
24510|aLake fertilization and enhanced growth of juvenile sockeye salmon at Woss Lake, British Columbia : |h[electronic resource]|ba food web analysis / |cby K.D. Hyatt ... [et al.]
260 |aNanaimo - British Columbia : |bFisheries and Oceans Canada |c2004.
300 |a173p.|bfigs., references, tables
4901 |aCanadian manuscript report of fisheries and aquatic sciences|x1488-5387|vNo. 2689
500 |aOn t.p.: Pacific Biological Station, Nanaimo, British Columbia. The catalogue number and ISSN for the print edition appear in the PDF version.
546 |a(Résumés en français)
590 |a14-13-Supp|b2014-06-23
7201 |aHyatt, K. D.
7760#|tLake fertilization and enhanced growth of juvenile sockeye salmon at Woss Lake, British Columbia : |w(CaOODSP)9.617109
830#0|aCanadian manuscript report of fisheries and aquatic sciences,|x1488-5387|vNo. 2689|w(CaOODSP)9.505211
85640|ahttp://publications.gc.ca|qPDF|s7270 KB|uhttps://publications.gc.ca/collections/collection_2014/mpo-dfo/Fs97-4-2689-eng.pdf|yNo. 2689